| 000 | 01134nas a2200337 4500 | ||
|---|---|---|---|
| 001 | BR2016004581 | ||
| 003 | BR-BrBNA | ||
| 005 | 20231205130733.0 | ||
| 007 | ta | ||
| 008 | 230509b bl.|||p| |||| 00| 00por d | ||
| 040 |
_aBR-BrBNA _bpor _cBiblioteca Nacional de Agricultura |
||
| 041 | _a(En) | ||
| 072 | _aJ11 | ||
| 100 | 1 | _aVanier, N.L. | |
| 100 | 1 | _aRupollo, G. | |
| 100 | 1 | _aParaginski, R.T. | |
| 100 | 1 | _aOliveira, M. de | |
| 100 | 1 | _aElias, M.C. | |
| 245 | 1 | _aEffects of nitrogen-modified atmosphere storage on physical, chemical and technological properties of Carioca bean (Phaseolus vulgaris L.) | |
| 650 | _aFEIJAO | ||
| 650 | _aPHASEOLUS VULGARIS | ||
| 650 | _aARMAZENAMENTO DE ALIMENTO | ||
| 650 | _aATMOSFERA | ||
| 650 | _aPROPRIEDADE FISICO-QUIMICA | ||
| 650 | _aNITROGENIO ATMOSFERICO | ||
| 650 | _aANALISE | ||
| 773 | 0 |
_tCurrent Agricultural Science and Technology (Brazil) _xISSN 2317-2436 _g(2014), v. 20(1) p. 10-20 _wBR2016004581 |
|
| 856 | 4 | 0 | _uhttps://periodicos.ufpel.edu.br/ojs2/index.php/CAST/article/view/2984/3306 |
| 909 |
_a202311 _bLúcia _c55 _dLúcia Elande |
||
| 942 |
_2AGRIS _n0 _cANA |
||
| 999 |
_c250934 _d250934 |
||